000 00630nam a2200205 i 4500
001 89832
003 ES-MaACL
005 20250713091411.0
007 t|
008 050114s1934 fr ||||1| fre d
100 1 _aLauvrière, Emile.
_970668
245 1 2 _aL'etrange vie et les étranges amours d'Edgar Poe /
_cEmile Lauvrière.
260 _aParis :
_bDesclée de Brouwer,
_c1934.
300 _aXVIII, 583 p., 7 lám. ;
_c20 cm.
490 1 _aTemps et visages
600 1 4 _aPoe, Edgar Allan,
_d1809-1849
_9188384
830 0 _aTemps et visages
_9231913
852 _aES-MaACL
_jA-1843
999 _c89832
_d89832